|
|
|
|
| LEADER |
00000nab a2200000 a 4500 |
| 001 |
vtls011101274 |
| 003 |
SK-MaSNL |
| 005 |
20260303150016.0 |
| 008 |
230222|2012 xo |||||||||||||||||eng| |
| 015 |
|
|
|a SNBRB
|
| 035 |
|
|
|a (uuid)7949df6f-b673-4098-9121-fa2137fad38b
|
| 035 |
|
|
|a (urnnbn)urn:nbn:sk:snk:ar-0074b5
|
| 035 |
|
|
|a urn:nbn:sk:snk-ab975s
|
| 040 |
|
|
|a SNKBUCL
|b slo
|c SNKBUCL
|e AACR2
|
| 041 |
0 |
|
|a eng
|
| 044 |
|
|
|a xo
|c SK
|
| 100 |
1 |
|
|a Bodzás, Sándor
|4 aut
|9 1168932
|
| 245 |
1 |
0 |
|a CAD MODELLING AND ADDITIVE PRODUCTION OF CONICAL WORM AND CONICAL FACE GEAR
|c Sándor Bodzás, Lstván Sályi, Illés Dudás
|
| 700 |
1 |
|
|a Sályi, lstván
|4 aut
|9 1168933
|
| 700 |
1 |
|
|a Dudás, Illés
|4 aut
|9 802303
|
| 773 |
0 |
|
|t Technologické inžinierstvo
|g Roč. 9, č. 1 (2012), s. 13-16
|
| 958 |
|
|
|a OND
|
| 958 |
|
|
|a EUIPO
|
| 958 |
|
|
|a article13
|
| 999 |
|
|
|c 2006813
|d 2008743
|